| 000 | 01448 a2200229 4500 | ||
|---|---|---|---|
| 001 | 13903 | ||
| 005 | 20260407155445.0 | ||
| 008 | 260407a1995 arg spa d | ||
| 003 | AR-UNSa-BCEJYS | ||
| 040 |
_aAR-UNSa-BCEJYS _bspa _cAR-UNSa-BCEJYS |
||
| 080 |
_a342.9 _xDerecho Administrativo |
||
| 245 | 1 | 0 |
_aTratado de derecho administrativo _pparte general |
| 020 | _a978-950-537-275-1 | ||
| 250 | _a3a. ed. | ||
| 264 | 1 |
_aBuenos Aires : _bMacchi Grupo Editor _c1995 |
|
| 300 |
_a2 v. _c22 cm. |
||
| 505 | _aVol. I: 1. El método en el derecho administrativo - 2. Pasado, presente y futuro del derecho administrativo - 3. Bases políticas, constitucionales y sociales del derecho administrativo - 4. Condicionantes económicos y financieros del derecho administrativo. Crisis y cambio - 5. El derecho administrativo - 6. Fuentes supranacionales del derecho administrativo - 7. Fuentes nacionales del derecho administrativo - 8. Relaciones del derecho administrativo - 9. Las funciones del Estado - 10. Clasificación jurídica de la función administrativa - 11. Clasificación de los contratos administrativos - 12. Los órganos del Estado - 13. Agentes públicos - 14. Clasificación de los entes públicos - 15. Los entes reguladores | ||
| 942 | _cBK | ||
| 590 | _aniveau_biblio:m niveau_hierar:0 | ||
| 100 | 1 | _aGordillo, Agustín Alberto | |
| 856 | 4 | 1 |
_uhttps://biblioeco.unsa.edu.ar/pmb/images/libros/L69564.jpg _yImagen de portada _qimage/jpeg |
| 999 |
_c558 _d558 |
||